[Event "94th Tradewise Hastings Congress"]
[Site "Hastings"]
[Date "2019.01.02"]
[Round "6"]
[White "White, Stuart A"]
[Black "Faulks, Nick"]
[Result "1/2-1/2"]
[WhiteElo "2096"]
[BlackElo "1917"]
[Annotator "NA"]
[PlyCount "117"]
[EventDate "2018.12.28"]
[EventType "swiss"]
[EventCountry "ENG"]
[SourceTitle "playchess.com"]
[Source "ChessBase"]
[SourceQuality "1"]
[TimeControl "40/6000+30:3000+30"]

1. Nf3 {[%emt 0:00:00]} Nf6 {[%emt 0:00:00]} 2. c4 {[%emt 0:00:00]} c5 {[%emt 0:00:00]} 3. Nc3 {[%emt 0:00:00]} d5 {[%emt 0:00:05]} 4. cxd5 {[%emt 0:01:51]} Nxd5 {[%emt 0:00:08]} 5. g3 {[%emt 0:14:11]} Nc7 {[%emt 0:02:11]} 6. Bg2 {[%emt 0:03:24]} Nc6 {[%emt 0:00:24]} 7. O-O {[%emt 0:03:59]} e5 {[%emt 0:00:28]} 8. d3 {[%emt 0:02:58]} Be7 {[%emt 0:00:41]} 9. Be3 {[%emt 0:03:15]} O-O {[%emt 0:10:38]} 10. Rc1 {[%emt 0:10:35]} Ne6 {[%emt 0:02:19]} 11. Na4 {[%emt 0:05:08]} Qa5 {[%emt 0:04:01]} 12. a3 {[%emt 0:04:58]} Rb8 {[%emt 0:14:23]} 13. Nd2 {[%emt 0:17:04]} Bd7 {[%emt 0:06:39]} 14. Nc4 {[%emt 0:01:33]} Qc7 {[%emt 0:12:22]} 15. Nc3 {[%emt 0:00:14]} f6 {[%emt 0:00:46]} 16. Nd5 {[%emt 0:04:49]} Qd8 {[%emt 0:00:32]} 17. Bd2 {[%emt 0:04:18]} b5 {[%emt 0:09:47]} 18. Nce3 {[%emt 0:00:08]} f5 {[%emt 0:00:45]} 19. f4 {[%emt 0:06:11]} exf4 {[%emt 0:00:50]} 20. gxf4 {[%emt 0:00:31]} Bh4 {[%emt 0:04:45]} 21. b4 {[%emt 0:03:02]} cxb4 {[%emt 0:03:50]} 22. axb4 {[%emt 0:00:22]} Ncd4 {[%emt 0:00:46]} 23. Ra1 {[%emt 0:05:31]} Qe8 {[%emt 0:05:22]} 24. Rxa7 {[%emt 0:03:58]} Rd8 {[%emt 0:03:06]} 25. Be1 {[%emt 0:02:05]} Bxe1 {[%emt 0:09:00]} 26. Qxe1 {[%emt 0:00:07]} Qh5 {[%emt 0:00:19]} 27. Kh1 {[%emt 0:02:41]} Kh8 {[%emt 0:01:41]} 28. Nc3 {[%emt 0:02:10]} Rf6 {[%emt 0:01:56]} 29. Ned5 {[%emt 0:02:11]} Rh6 {[%emt 0:01:18]} 30. Qg3 {[%emt 0:01:54]} Nxe2 {[%emt 0:01:36]} 31. Nxe2 {[%emt 0:00:23]} Qxe2 {[%emt 0:00:06]} 32. Re1 {[%emt 0:00:59]} Qd2 {[%emt 0:02:00]} 33. Qe3 {[%emt 0:02:22]} Qxe3 {[%emt 0:03:04]} 34. Rxe3 {[%emt 0:00:06]} Bc6 {[%emt 0:00:31]} 35. Re5 {[%emt 0:00:30]} Rg6 {[%emt 0:02:02]} 36. Rxf5 {[%emt 0:02:39]} Rxg2 {[%emt 0:02:37]} 37. Kxg2 {[%emt 0:00:03]} Bxd5+ {[%emt 0:00:15]} 38. Kf2 {[%emt 0:00:21]} Kg8 {[%emt 0:03:30]} 39. Ke3 {[%emt 0:00:54]} Rf8 {[%emt 0:00:45]} 40. Rxf8+ {[%emt 0:00:23]} Kxf8 {[%emt 0:00:02]} 41. f5 {[%emt 0:03:04]} Ng5 {[%emt 0:01:34]} 42. Kd4 {[%emt 0:01:51]} Bc6 {[%emt 0:01:33]} 43. Kc5 {[%emt 0:00:11]} Be8 {[%emt 0:00:15]} 44. d4 {[%emt 0:06:07]} Ne4+ {[%emt 0:00:51]} 45. Kd5 {[%emt 0:00:32]} Ng5 {[%emt 0:02:01]} 46. Kd6 {[%emt 0:03:34]} Nf3 {[%emt 0:04:21]} 47. d5 {[%emt 0:01:20]} Nxh2 {[%emt 0:00:32]} 48. f6 {[%emt 0:16:09]} gxf6 {[%emt 0:07:07]} 49. Rxh7 {[%emt 0:00:05]} Nf3 {[%emt 0:00:44]} 50. Kc7 {[%emt 0:06:24]} Ne5 {[%emt 0:05:04]} 51. d6 {[%emt 0:00:56]} Kg8 {[%emt 0:01:34]} 52. Re7 {[%emt 0:05:50]} Kf8 {[%emt 0:00:21]} 53. Rh7 {[%emt 0:04:05]} Kg8 {[%emt 0:00:33]} 54. Rh4 {[%emt 0:01:27]} Kg7 {[%emt 0:02:32]} 55. Kd8 {[%emt 0:00:40]} Bc6 {[%emt 0:01:03]} 56. Kc7 {[%emt 0:02:04]} Kf7 {[%emt 0:03:33]} 57. Rh5 {[%emt 0:00:57]} Be8 {[%emt 0:01:05]} 58. Rh7+ {[%emt 0:00:30]} Kf8 {[%emt 0:00:34]} 59. Kc8 1/2-1/2

[Event "94th Tradewise Hastings Congress"]
[Site "Hastings"]
[Date "2019.01.02"]
[Round "6"]
[White "Willson, Ollie"]
[Black "Song, Jinwoo"]
[Result "1-0"]
[WhiteElo "2081"]
[BlackElo "1907"]
[Annotator "NA"]
[PlyCount "49"]
[EventDate "2018.12.28"]
[EventType "swiss"]
[EventCountry "ENG"]
[SourceTitle "playchess.com"]
[Source "ChessBase"]
[SourceQuality "1"]
[TimeControl "40/6000+30:3000+30"]

1. d4 {[%emt 0:00:00]} Nf6 {[%emt 0:04:42]} 2. c4 {[%emt 0:00:00]} e5 {[%emt 0:00:19]} 3. dxe5 {[%emt 0:00:00]} Ng4 {[%emt 0:00:05]} 4. Bf4 {[%emt 0:00:00]} Bb4+ {[%emt 0:00:14]} 5. Nd2 {[%emt 0:00:10]} Nc6 {[%emt 0:00:42]} 6. Ngf3 {[%emt 0:00:11]} Qe7 {[%emt 0:01:19]} 7. e3 {[%emt 0:01:15]} Ngxe5 {[%emt 0:00:25]} 8. Nxe5 {[%emt 0:00:28]} Nxe5 {[%emt 0:00:07]} 9. a3 {[%emt 0:00:35]} Bd6 {[%emt 0:02:01]} 10. Ne4 {[%emt 0:00:38]} Nxc4 {[%emt 0:02:37]} 11. Nxd6+ {[%emt 0:00:06]} Nxd6 {[%emt 0:00:09]} 12. Rc1 {[%emt 0:00:09]} g5 {[%emt 0:02:54]} 13. Bg3 {[%emt 0:13:14]} Ne4 {[%emt 0:01:02]} 14. Qd4 {[%emt 0:01:44]} O-O {[%emt 0:01:09]} 15. Rxc7 {[%emt 0:08:24]} Re8 {[%emt 0:03:00]} 16. Bd3 {[%emt 0:10:21]} b6 {[%emt 0:01:36]} 17. O-O {[%emt 0:17:08]} h5 {[%emt 0:06:53]} 18. Qd5 {[%emt 0:03:40]} Nxg3 {[%emt 0:13:24]} 19. hxg3 {[%emt 0:00:28]} Qe5 {[%emt 0:03:11]} 20. Qxe5 {[%emt 0:02:00]} Rxe5 {[%emt 0:00:08]} 21. Rfc1 {[%emt 0:00:04]} Re8 {[%emt 0:00:43]} 22. Bb5 {[%emt 0:08:59]} Rd8 {[%emt 0:01:52]} 23. Rd1 {[%emt 0:00:43]} d5 {[%emt 0:05:21]} 24. Bc6 {[%emt 0:02:32]} Bg4 {[%emt 0:00:18]} 25. Rxd5 {[%emt 0:01:17]} 1-0

[Event "94th Tradewise Hastings Congress"]
[Site "Hastings"]
[Date "2019.01.02"]
[Round "6"]
[White "Brown, Thomas"]
[Black "Chapman, Matt"]
[Result "1/2-1/2"]
[WhiteElo "2068"]
[BlackElo "1902"]
[Annotator "NA"]
[PlyCount "55"]
[EventDate "2018.12.28"]
[EventType "swiss"]
[EventCountry "ENG"]
[SourceTitle "playchess.com"]
[Source "ChessBase"]
[SourceQuality "1"]
[TimeControl "40/6000+30:3000+30"]

1. Nf3 {[%emt 0:00:00]} d5 {[%emt 0:00:00]} 2. e3 {[%emt 0:00:00]} Nf6 {[%emt 0:00:00]} 3. c4 {[%emt 0:00:00]} c6 {[%emt 0:00:06]} 4. Nc3 {[%emt 0:00:00]} a6 {[%emt 0:00:25]} 5. b3 {[%emt 0:03:25]} Bf5 {[%emt 0:01:32]} 6. Bb2 {[%emt 0:01:51]} e6 {[%emt 0:00:59]} 7. d4 {[%emt 0:11:32]} Be7 {[%emt 0:02:48]} 8. Bd3 {[%emt 0:07:56]} Bxd3 {[%emt 0:02:33]} 9. Qxd3 {[%emt 0:00:05]} c5 {[%emt 0:07:37]} 10. dxc5 {[%emt 0:05:53]} Nc6 {[%emt 0:08:08]} 11. cxd5 {[%emt 0:13:19]} Nb4 {[%emt 0:05:29]} 12. Qd2 {[%emt 0:04:06]} Nbxd5 {[%emt 0:03:21]} 13. Nxd5 {[%emt 0:00:29]} Qxd5 {[%emt 0:07:58]} 14. Bxf6 {[%emt 0:05:16]} Qxd2+ {[%emt 0:03:34]} 15. Kxd2 {[%emt 0:03:36]} Bxf6 {[%emt 0:01:11]} 16. Rac1 {[%emt 0:00:39]} Kd7 {[%emt 0:01:06]} 17. Ke2 {[%emt 0:02:29]} Rhd8 {[%emt 0:02:22]} 18. Rc4 {[%emt 0:05:49]} Kc6 {[%emt 0:01:59]} 19. g4 {[%emt 0:05:24]} h6 {[%emt 0:05:37]} 20. h4 {[%emt 0:00:25]} Rd5 {[%emt 0:01:14]} 21. g5 {[%emt 0:02:56]} hxg5 {[%emt 0:04:32]} 22. hxg5 {[%emt 0:00:04]} Bb2 {[%emt 0:07:31]} 23. Rb1 {[%emt 0:01:32]} Ba3 {[%emt 0:00:54]} 24. b4 {[%emt 0:03:48]} a5 {[%emt 0:00:40]} 25. e4 {[%emt 0:00:14]} Rdd8 {[%emt 0:01:13]} 26. b5+ {[%emt 0:01:15]} Kd7 {[%emt 0:01:14]} 27. Rb3 {[%emt 0:00:18]} Bb4 {[%emt 0:00:11]} 28. a3 {[%emt 0:00:12] Kd6 [%clk 00:50:00] [%emt 00:00:34]} 1/2-1/2

[Event "94th Tradewise Hastings Congress"]
[Site "Hastings"]
[Date "2019.01.02"]
[Round "6"]
[White "Miller, Dominic"]
[Black "Taylor, Adam C"]
[Result "0-1"]
[WhiteElo "2061"]
[BlackElo "2331"]
[Annotator "NA"]
[PlyCount "108"]
[EventDate "2018.12.28"]
[EventType "swiss"]
[EventCountry "ENG"]
[SourceTitle "playchess.com"]
[Source "ChessBase"]
[SourceQuality "1"]
[TimeControl "40/6000+30:3000+30"]

1. e4 {[%emt 0:00:00]} e5 {[%emt 0:00:00]} 2. Nf3 {[%emt 0:00:00]} Nc6 {[%emt 0:00:00]} 3. Bb5 {[%emt 0:00:02]} Nf6 {[%emt 0:00:00]} 4. O-O {[%emt 0:00:23]} Nxe4 {[%emt 0:00:08]} 5. Re1 {[%emt 0:00:49]} Nd6 {[%emt 0:00:04]} 6. Nxe5 {[%emt 0:00:06]} Be7 {[%emt 0:00:28]} 7. Bf1 {[%emt 0:00:05]} Nf5 {[%emt 0:02:12]} 8. c3 {[%emt 0:02:42]} Nxe5 {[%emt 0:01:43]} 9. Rxe5 {[%emt 0:00:05]} d6 {[%emt 0:00:24]} 10. Re1 {[%emt 0:00:08]} O-O {[%emt 0:00:30]} 11. d4 {[%emt 0:00:10]} Bg5 {[%emt 0:02:14]} 12. Nd2 {[%emt 0:07:11]} a5 {[%emt 0:13:03]} 13. a4 {[%emt 0:04:34]} Re8 {[%emt 0:21:28]} 14. Nf3 {[%emt 0:06:07]} Rxe1 {[%emt 0:00:34]} 15. Qxe1 {[%emt 0:00:13]} Bxc1 {[%emt 0:00:44]} 16. Qxc1 {[%emt 0:02:38]} Bd7 {[%emt 0:00:33]} 17. Qf4 {[%emt 0:00:40]} g6 {[%emt 0:05:55]} 18. Bc4 {[%emt 0:07:19]} Kg7 {[%emt 0:12:18]} 19. Re1 {[%emt 0:05:41]} Bc6 {[%emt 0:04:28]} 20. Bd3 {[%emt 0:27:13]} Qf6 {[%emt 0:16:39]} 21. Bb5 {[%emt 0:10:04]} Bd5 {[%emt 0:05:16]} 22. h3 {[%emt 0:05:01]} h5 {[%emt 0:01:24]} 23. Ng5 {[%emt 0:12:33]} Nh6 {[%emt 0:03:38]} 24. Qxf6+ {[%emt 0:03:45]} Kxf6 {[%emt 0:00:02]} 25. Ne4+ {[%emt 0:00:55]} Kg7 {[%emt 0:01:46]} 26. Nd2 {[%emt 0:00:08]} Nf5 {[%emt 0:03:00]} 27. f3 {[%emt 0:02:24]} h4 {[%emt 0:04:15]} 28. Kf2 {[%emt 0:00:07]} Rd8 {[%emt 0:05:22]} 29. Bc4 {[%emt 0:02:21]} Bc6 {[%emt 0:01:27]} 30. Bb5 {[%emt 0:00:25]} Bxb5 {[%emt 0:00:49]} 31. axb5 {[%emt 0:00:04]} d5 {[%emt 0:00:10]} 32. Nb3 {[%emt 0:05:54]} b6 {[%emt 0:00:24]} 33. Nd2 {[%emt 0:00:34]} Nd6 {[%emt 0:01:05]} 34. Re5 {[%emt 0:01:56]} Nxb5 {[%emt 0:00:34]} 35. Ke3 {[%emt 0:00:49]} Nd6 {[%emt 0:00:56]} 36. Kf4 {[%emt 0:00:58]} Nf5 {[%emt 0:01:27]} 37. Nf1 {[%emt 0:00:48]} f6 {[%emt 0:00:46]} 38. Re1 {[%emt 0:00:13]} Kf7 {[%emt 0:00:07]} 39. Kg4 {[%emt 0:03:31]} Rh8 {[%emt 0:02:12]} 40. f4 {[%emt 0:00:27]} Nd6 {[%emt 0:00:49]} 41. Nd2 {[%emt 0:50:12]} Ne4 {[%emt 0:50:38]} 42. Nxe4 {[%emt 0:00:19]} f5+ {[%emt 0:00:32]} 43. Kf3 {[%emt 0:00:20]} dxe4+ {[%emt 0:00:00]} 44. Ke3 {[%emt 0:00:00]} Rg8 {[%emt 0:00:00]} 45. Re2 {[%emt 0:00:00]} b5 {[%emt 0:00:00]} 46. d5 {[%emt 0:00:00]} Ke7 {[%emt 0:00:00]} 47. Kd4 {[%emt 0:00:00]} Kd6 {[%emt 0:00:00]} 48. b3 {[%emt 0:00:00]} c5+ {[%emt 0:00:00]} 49. dxc6 {[%emt 0:00:00]} Kxc6 {[%emt 0:00:00]} 50. Ke5 {[%emt 0:00:00]} Rd8 {[%emt 0:00:00]} 51. c4 {[%emt 0:00:00]} bxc4 {[%emt 0:00:00]} 52. bxc4 {[%emt 0:00:00]} Kc5 {[%emt 0:00:00]} 53. Ra2 {[%emt 0:00:00]} e3 {[%emt 0:00:00]} 54. Rxa5+ {[%emt 0:00:00]} Kxc4 {[%emt 0:00:00] Kd4+} 0-1

[Event "94th Tradewise Hastings Congress"]
[Site "Hastings"]
[Date "2019.01.02"]
[Round "6"]
[White "Nettleton, Charlie B"]
[Black "Kalavannan, Koby"]
[Result "0-1"]
[WhiteElo "2059"]
[BlackElo "2328"]
[Annotator "NA"]
[PlyCount "54"]
[EventDate "2018.12.28"]
[EventType "swiss"]
[EventCountry "ENG"]
[SourceTitle "playchess.com"]
[Source "ChessBase"]
[SourceQuality "1"]
[TimeControl "40/6000+30:3000+30"]

1. d4 {[%emt 0:00:00]} Nf6 {[%emt 0:00:10]} 2. Bg5 {[%emt 0:00:00]} Ne4 {[%emt 0:00:15]} 3. h4 {[%emt 0:00:02]} c5 {[%emt 0:04:44]} 4. dxc5 {[%emt 0:00:07]} Nc6 {[%emt 0:02:42]} 5. Qd5 {[%emt 0:11:47]} Nxg5 {[%emt 0:06:42]} 6. hxg5 {[%emt 0:00:37]} e6 {[%emt 0:01:50]} 7. Qd3 {[%emt 0:05:20]} Qxg5 {[%emt 0:01:32]} 8. Nc3 {[%emt 0:08:21]} Qxc5 {[%emt 0:07:05]} 9. Nf3 {[%emt 0:15:17]} d5 {[%emt 0:01:33]} 10. e4 {[%emt 0:16:01]} dxe4 {[%emt 0:39:51]} 11. Nxe4 {[%emt 0:10:44]} Qb4+ {[%emt 0:01:16]} 12. c3 {[%emt 0:00:15]} Qxb2 {[%emt 0:01:28]} 13. Rd1 {[%emt 0:00:59]} Be7 {[%emt 0:03:13]} 14. Be2 {[%emt 0:03:04]} h6 {[%emt 0:06:55]} 15. Rh5 {[%emt 0:09:59]} f5 {[%emt 0:01:47]} 16. Nd4 {[%emt 0:12:18]} fxe4 {[%emt 0:02:23]} 17. Qxe4 {[%emt 0:00:42]} Qxc3+ {[%emt 0:05:04]} 18. Kf1 {[%emt 0:00:20]} Nxd4 {[%emt 0:02:23]} 19. Rxd4 {[%emt 0:00:27]} O-O {[%emt 0:02:07]} 20. Bd3 {[%emt 0:02:10]} Qc1+ {[%emt 0:03:52]} 21. Ke2 {[%emt 0:00:15]} Qb2+ {[%emt 0:00:02]} 22. Bc2 {[%emt 0:00:16]} Rf5 {[%emt 0:00:38]} 23. g4 {[%emt 0:02:55]} Rxh5 {[%emt 0:01:29]} 24. Qh7+ {[%emt 0:02:36]} Kf8 {[%emt 0:01:15]} 25. Rf4+ {[%emt 0:03:45]} Rf5 {[%emt 0:00:44]} 26. Qh8+ {[%emt 0:01:33]} Kf7 {[%emt 0:00:01]} 27. Rxf5+ {[%emt 0:00:33]} exf5 {[%emt 0:00:03]} 0-1

[Event "94th Tradewise Hastings Congress"]
[Site "Hastings"]
[Date "2019.01.02"]
[Round "6"]
[White "Comellas Blanchart, Jordi"]
[Black "Graham, David B"]
[Result "1-0"]
[WhiteElo "2055"]
[BlackElo "2208"]
[Annotator "NA"]
[PlyCount "131"]
[EventDate "2018.12.28"]
[EventType "swiss"]
[EventCountry "ENG"]
[SourceTitle "playchess.com"]
[Source "ChessBase"]
[SourceQuality "1"]
[TimeControl "40/6000+30:3000+30"]

1. d4 {[%emt 0:00:00]} Nf6 {[%emt 0:00:00]} 2. c4 {[%emt 0:00:00]} g6 {[%emt 0:00:00]} 3. g3 {[%emt 0:00:00]} Bg7 {[%emt 0:00:00]} 4. Bg2 {[%emt 0:00:03]} d6 {[%emt 0:00:00]} 5. Nf3 {[%emt 0:00:21]} O-O {[%emt 0:00:00]} 6. Nc3 {[%emt 0:00:18]} Nc6 {[%emt 0:00:00]} 7. O-O {[%emt 0:00:29]} Bg4 {[%emt 0:00:02]} 8. d5 {[%emt 0:00:23]} Na5 {[%emt 0:00:35]} 9. Nd2 {[%emt 0:00:09]} c5 {[%emt 0:00:13]} 10. Qc2 {[%emt 0:00:24]} a6 {[%emt 0:00:49]} 11. b3 {[%emt 0:00:57]} b5 {[%emt 0:05:48]} 12. h3 {[%emt 0:02:50]} Bd7 {[%emt 0:05:41]} 13. Bb2 {[%emt 0:01:02]} Rb8 {[%emt 0:01:31]} 14. Rab1 {[%emt 0:00:40]} e5 {[%emt 0:03:56]} 15. dxe6 {[%emt 0:07:55]} fxe6 {[%emt 0:07:28]} 16. Nce4 {[%emt 0:04:39]} Qe7 {[%emt 0:15:13]} 17. Bxf6 {[%emt 0:09:19]} Bxf6 {[%emt 0:00:10]} 18. Nxf6+ {[%emt 0:00:48]} Rxf6 {[%emt 0:13:52]} 19. Ne4 {[%emt 0:01:13]} Rff8 {[%emt 0:03:11]} 20. Qd2 {[%emt 0:17:38]} Nb7 {[%emt 0:00:08]} 21. Rbd1 {[%emt 0:00:43]} Bc6 {[%emt 0:08:18]} 22. Nf6+ {[%emt 0:07:34]} Qxf6 {[%emt 0:02:57]} 23. Bxc6 {[%emt 0:00:16]} bxc4 {[%emt 0:00:45]} 24. bxc4 {[%emt 0:07:20]} Nd8 {[%emt 0:00:14]} 25. Bf3 {[%emt 0:11:28]} Nf7 {[%emt 0:05:53]} 26. Rb1 {[%emt 0:07:01]} Rxb1 {[%emt 0:05:32]} 27. Rxb1 {[%emt 0:00:05]} Qf5 {[%emt 0:05:21]} 28. Rb6 {[%emt 0:00:46]} Qxh3 {[%emt 0:01:05]} 29. Rxa6 {[%emt 0:00:43]} Qf5 {[%emt 0:06:33]} 30. Qe3 {[%emt 0:09:54]} Rb8 {[%emt 0:08:27]} 31. Qd3 {[%emt 0:02:10]} Qe5 {[%emt 0:02:25]} 32. a4 {[%emt 0:05:55]} Qa1+ {[%emt 0:00:30]} 33. Kh2 {[%emt 0:00:18]} Rb1 {[%emt 0:00:44]} 34. Bg2 {[%emt 0:00:23]} Qb2 {[%emt 0:03:03]} 35. Qf3 {[%emt 0:02:16]} Qe5 {[%emt 0:04:40]} 36. Ra8+ {[%emt 0:04:10]} Kg7 {[%emt 0:00:04]} 37. Ra7 {[%emt 0:01:04]} Qf6 {[%emt 0:01:17]} 38. a5 {[%emt 0:00:53]} Ra1 {[%emt 0:00:20]} 39. a6 {[%emt 0:01:28]} Qxf3 {[%emt 0:00:13]} 40. Bxf3 {[%emt 0:00:14]} Kf6 {[%emt 0:00:10]} 41. Bc6 {[%emt 0:52:33]} Ne5 {[%emt 0:52:04]} 42. Bb5 {[%emt 0:01:07]} Ra5 {[%emt 0:00:00]} 43. Rc7 {[%emt 0:00:00]} d5 {[%emt 0:00:00]} 44. a7 {[%emt 0:00:00]} dxc4 {[%emt 0:00:00]} 45. f4 {[%emt 0:00:00]} Ng4+ {[%emt 0:00:00]} 46. Kh3 {[%emt 0:00:00]} Ne3 {[%emt 0:00:00]} 47. Be8 {[%emt 0:00:00]} e5 {[%emt 0:00:00]} 48. Bc6 {[%emt 0:00:00]} c3 {[%emt 0:00:00]} 49. a8=Q {[%emt 0:00:00]} Rxa8 {[%emt 0:00:00]} 50. Bxa8 {[%emt 0:00:00]} c4 {[%emt 0:00:00]} 51. Be4 {[%emt 0:00:00]} c2 {[%emt 0:00:00]} 52. Rc6+ {[%emt 0:00:00]} Ke7 {[%emt 0:00:00]} 53. Bxc2 {[%emt 0:00:00]} Nxc2 {[%emt 0:00:00]} 54. Rxc4 {[%emt 0:00:00]} Nd4 {[%emt 0:00:00]} 55. e3 {[%emt 0:00:00]} Nf5 {[%emt 0:00:00]} 56. Re4 {[%emt 0:00:00]} Nd6 {[%emt 0:00:00]} 57. Rxe5+ {[%emt 0:00:00]} Kf6 {[%emt 0:00:00]} 58. Rd5 {[%emt 0:00:00]} Nc4 {[%emt 0:00:00]} 59. e4 {[%emt 0:00:00]} h5 {[%emt 0:00:00]} 60. Rd4 {[%emt 0:00:00]} Ne3 {[%emt 0:00:00]} 61. Rd6+ {[%emt 0:00:00]} Kf7 {[%emt 0:00:00]} 62. Rd3 {[%emt 0:00:00]} Ng4 {[%emt 0:00:00]} 63. Kg2 {[%emt 0:00:00]} g5 {[%emt 0:00:00]} 64. Ra3 {[%emt 0:00:00]} gxf4 {[%emt 0:01:03]} 65. gxf4 {[%emt 0:00:00]} h4 {[%emt 0:00:50]} 66. Rh3 {[%emt 0:01:21]} 1-0

[Event "94th Tradewise Hastings Congress"]
[Site "Hastings"]
[Date "2019.01.02"]
[Round "6"]
[White "Ratnesan, Ranesh"]
[Black "Peek, Marcel"]
[Result "1/2-1/2"]
[WhiteElo "2055"]
[BlackElo "2293"]
[Annotator "NA"]
[PlyCount "95"]
[EventDate "2018.12.28"]
[EventType "swiss"]
[EventCountry "ENG"]
[SourceTitle "playchess.com"]
[Source "ChessBase"]
[SourceQuality "1"]
[TimeControl "40/6000+30:3000+30"]

1. d4 {[%emt 0:00:00]} d5 {[%emt 0:00:00]} 2. c4 {[%emt 0:00:00]} dxc4 {[%emt 0:00:00]} 3. e3 {[%emt 0:00:06]} e5 {[%emt 0:00:00]} 4. Bxc4 {[%emt 0:00:12]} exd4 {[%emt 0:00:05]} 5. exd4 {[%emt 0:00:10]} Bd6 {[%emt 0:00:06]} 6. Nf3 {[%emt 0:00:40]} Nf6 {[%emt 0:00:06]} 7. O-O {[%emt 0:00:44]} O-O {[%emt 0:00:08]} 8. Bg5 {[%emt 0:04:47]} h6 {[%emt 0:01:46]} 9. Bh4 {[%emt 0:00:19]} Nc6 {[%emt 0:00:35]} 10. h3 {[%emt 0:04:32]} g5 {[%emt 0:03:08]} 11. Nxg5 {[%emt 0:25:52]} hxg5 {[%emt 0:01:54]} 12. Bxg5 {[%emt 0:00:09]} Nxd4 {[%emt 0:09:02]} 13. Nc3 {[%emt 0:13:03]} Be7 {[%emt 0:17:12]} 14. Bh6 {[%emt 0:18:01]} Nf5 {[%emt 0:19:21]} 15. Bxf8 {[%emt 0:04:08]} Qxf8 {[%emt 0:01:41]} 16. Qf3 {[%emt 0:03:30]} Qg7 {[%emt 0:01:28]} 17. Rfe1 {[%emt 0:04:59]} Nh4 {[%emt 0:12:37]} 18. Qg3 {[%emt 0:02:48]} Qxg3 {[%emt 0:00:15]} 19. fxg3 {[%emt 0:00:07]} Nf5 {[%emt 0:00:26]} 20. g4 {[%emt 0:06:55]} Bc5+ {[%emt 0:00:10]} 21. Kh1 {[%emt 0:00:20]} Nd6 {[%emt 0:02:53]} 22. Bb3 {[%emt 0:04:03]} Kg7 {[%emt 0:17:57]} 23. Kh2 {[%emt 0:02:32]} Bd7 {[%emt 0:01:27]} 24. Kg3 {[%emt 0:01:59]} Bc6 {[%emt 0:01:05]} 25. Bc2 {[%emt 0:02:31]} Rg8 {[%emt 0:05:27]} 26. Rad1 {[%emt 0:01:11]} b5 {[%emt 0:01:18]} 27. Re5 {[%emt 0:02:06]} Bb4 {[%emt 0:03:11]} 28. Rd4 {[%emt 0:02:35]} Nc4 {[%emt 0:04:30]} 29. Rg5+ {[%emt 0:00:56]} Kh8 {[%emt 0:00:05]} 30. Rf5 {[%emt 0:00:53]} Bxc3 {[%emt 0:03:54]} 31. bxc3 {[%emt 0:00:02]} Kg7 {[%emt 0:01:46]} 32. Rdf4 {[%emt 0:00:36]} Ne3 {[%emt 0:01:11]} 33. Rxf6 {[%emt 0:00:46]} Bd5 {[%emt 0:00:50]} 34. Bb3 {[%emt 0:02:07]} Rf8 {[%emt 0:00:53]} 35. Rf2 {[%emt 0:01:30]} c5 {[%emt 0:00:28]} 36. Bxd5 {[%emt 0:01:18]} Nxd5 {[%emt 0:00:01]} 37. R6f5 {[%emt 0:00:10]} Nxc3 {[%emt 0:00:12]} 38. Rg5+ {[%emt 0:01:21]} Kh6 {[%emt 0:00:25]} 39. Rh5+ {[%emt 0:00:31]} Kg6 {[%emt 0:00:15]} 40. Kf3 {[%emt 0:00:52]} Rc8 {[%emt 0:00:51]} 41. Rc2 {[%emt 0:05:37]} b4 {[%emt 0:05:02]} 42. Ke3 {[%emt 0:04:06]} a6 {[%emt 0:10:39]} 43. Rxc3 {[%emt 0:08:01]} bxc3 {[%emt 0:00:05]} 44. Kd3 {[%emt 0:00:05]} Rb8 {[%emt 0:14:37]} 45. Kxc3 {[%emt 0:00:31]} Rb5 {[%emt 0:00:22]} 46. Rd5 {[%emt 0:07:59]} Ra5 {[%emt 0:00:47]} 47. Kb3 {[%emt 0:01:06]} c4+ {[%emt 0:01:05]} 48. Kxc4 {[%emt 0:00:20]} 1/2-1/2